000 011830000a22002290004500
003 LK-CoMWRAF
005 20240315102255.0
008 230817t1997 ||||| |||| 00| 0 eng d
020 _a9559445030
040 _aLK-CoMWRAF
_dLK-CoMWRAF
_eLK-CoMWRAF
041 _atam
082 _a305.8
_bHAS
100 _aஹஸ்புல்லா, எஸ்.எச்
_vHasbullah, S.H
245 _aஇளங்கையின் இனப்பிரச்சினையும் பலவந்தமாக வெளியேற்றப்பட்ட வடமாகாண முஸ்லிம்களும்:
_bதொகுதி 3-முல்லைத்தீவு முஸ்லிம்கள்
246 _aIḷaṅkaiyiṉ iṉappiracciṉaiyum palavantamāka veḷiyēṟṟappaṭṭa vaṭamākāṉa muslimkaḷum: Tokuti 3-:Mullaittīvu muslimkaḷ
246 _aEthnic conflict in Sri Lanka and forcibly evicted Muslims of the Northern province
260 _aColombo:
_bNorthern Muslims' rights organization,
_c1997
300 _a183 p.
_bReference included
650 _aETHNIC CONFLICT-Sri Lanka
650 _aMuslims-Northern province-Sri Lanka
942 _cBK
999 _c2867
_d2867